[Event "11th Asrian Memorial 2018"]
[Site "Yerevan ARM"]
[Date "2018.06.23"]
[Round "3.32"]
[White "Shanya, Mishra"]
[Black "Seyranyan, Gor"]
[Result "1-0"]
[WhiteElo "1980"]
[BlackElo "1779"]
[WhiteFideId "46656065"]
[BlackFideId "13309544"]
[EventDate "2018.06.21"]

1. d4 Nf6 2. c4 e6 3. Nf3 c5 4. d5 exd5 5. cxd5 d6 6. Nc3 g6 7. Bf4 a6 8. a4 Bg7
9. h3 O-O 10. e3 Qc7 11. Nd2 Re8 12. Nc4 Bf8 13. Bd3 Nbd7 14. O-O b6 15. e4 Nh5
16. Bh2 Ne5 17. f4 Nxc4 18. Bxc4 Be7 19. e5 f5 20. Qd3 Ng7 21. Rae1 Qb7 22. Rb1
Bd7 23. Kh1 Bxa4 24. Nxa4 b5 25. b4 bxc4 26. Qxc4 Qb5 27. Qxb5 axb5 28. Nb6 c4
29. Nxa8 Rxa8 30. Ra1 Rxa1 31. Rxa1 dxe5 32. Ra8+ Kf7 33. fxe5 Bxb4 34. Rb8 c3
35. Rxb5 Ba3 36. Rb7+ Kf8 37. Rc7 Bb2 38. e6 g5 39. Bd6+ 1-0

[Event "11th Asrian Memorial 2018"]
[Site "Yerevan ARM"]
[Date "2018.06.23"]
[Round "3.35"]
[White "Chaqryan, Erik"]
[Black "Hakobyan, Yurik L."]
[Result "1-0"]
[WhiteElo "1887"]
[BlackElo "1509"]
[WhiteFideId "13312340"]
[BlackFideId "13308866"]
[EventDate "2018.06.21"]

1. d4 h6 2. c4 e6 3. e4 c6 4. Nc3 d5 5. cxd5 exd5 6. e5 Be6 7. Nf3 Nd7 8. Bd3 a6
9. O-O c5 10. Be3 cxd4 11. Nxd4 Qe7 12. f4 g6 13. f5 gxf5 14. Nxf5 Qb4 15. a3
Qa5 16. b4 Qc7 17. Rc1 Qd8 18. Bd4 Bxf5 19. Bxf5 Bg7 20. Be6 Nxe5 21. Nxd5 fxe6
22. Qh5+ Kd7 23. Nb6+ Kd6 24. Bxe5+ Bxe5 25. Rfd1+ Ke7 26. Rxd8 Rxd8 27. Qxe5
Nf6 28. Rc7+ Nd7 29. Nd5+ Kf7 30. Qf6+ Kg8 31. Ne7+ Kh7 32. Qf7# 1-0

[Event "11th Asrian Memorial 2018"]
[Site "Yerevan ARM"]
[Date "2018.06.24"]
[Round "4.1"]
[White "Jumabayev, Rinat"]
[Black "Sasikiran, Krishnan"]
[Result "1/2-1/2"]
[WhiteTitle "GM"]
[BlackTitle "GM"]
[WhiteElo "2594"]
[BlackElo "2666"]
[WhiteFideId "13702661"]
[BlackFideId "5004985"]
[EventDate "2018.06.21"]

1. Nf3 d5 2. d4 Nf6 3. c4 e6 4. g3 Bb4+ 5. Bd2 Be7 6. Bg2 O-O 7. O-O Nbd7 8. Qc2
c6 9. Rd1 b6 10. b3 a5 11. Bc3 Ne4 12. Bb2 Bb7 13. Nc3 f5 14. e3 Bd6 15. Ne2 Qe7
16. Nf4 Rac8 17. Rac1 c5 18. dxc5 Ndxc5 19. Be5 dxc4 20. Bxd6 Nxd6 21. bxc4 e5
22. Nd5 Bxd5 23. cxd5 b5 24. Qc3 e4 25. Ne5 b4 26. Qd4 Nb5 27. d6 Qe6 28. Qc4
Nc3 29. Bf1 Rfd8 30. d7 Rc7 31. Rxc3 bxc3 32. Qxc3 Kf8 33. Bc4 Qb6 34. Rd5 Qb4
35. Qa1 Na4 36. Qd1 Rxc4 37. Qh5 Rc1+ 38. Kg2 Qe7 39. Qxh7 Qf6 40. Rxa5 Nc5 41.
Qh8+ Ke7 42. Qxd8+ Kxd8 43. Ra8+ Kc7 44. Rc8+ Kd6 45. d8=Q+ Qxd8 46. Nf7+ Kd7
47. Rxd8+ Ke7 48. Rd5 Kxf7 49. Rxf5+ Ke6 50. Rf8 Rc2 51. g4 Ke7 52. Rf4 g5 53.
Rf5 Nd3 54. Kg3 Rxa2 55. Rxg5 Rxf2 56. Re5+ Nxe5 57. Kxf2 Kf6 58. Kg3 Nd3 59. h4
Ke5 60. h5 Kf6 61. h6 Kg6 62. g5 Kh7 63. Kg4 Kg6 64. Kg3 Kh7 65. Kg4 Kg6 1/2-1/2

[Event "11th Asrian Memorial 2018"]
[Site "Yerevan ARM"]
[Date "2018.06.24"]
[Round "4.2"]
[White "Hakobyan, Aram"]
[Black "Sethuraman, S.P."]
[Result "0-1"]
[WhiteTitle "GM"]
[BlackTitle "GM"]
[WhiteElo "2542"]
[BlackElo "2657"]
[WhiteFideId "13306677"]
[BlackFideId "5021596"]
[EventDate "2018.06.21"]

1. e4 e5 2. Nf3 Nc6 3. Bb5 a6 4. Ba4 Nf6 5. O-O b5 6. Bb3 Bb7 7. Re1 Bc5 8. c3
d6 9. d4 Bb6 10. a4 h6 11. axb5 axb5 12. Rxa8 Qxa8 13. Na3 O-O 14. Nxb5 exd4 15.
Nbxd4 Nxd4 16. Nxd4 Bxe4 17. f3 Bg6 18. Be3 Re8 19. Bf2 Rxe1+ 20. Qxe1 Nd7 21.
Bc2 Bxd4 22. Bxg6 Bxf2+ 23. Kxf2 Qa2 24. Bf5 Qxb2+ 25. Kg3 Nf6 26. Kh3 Kf8 27.
Qe3 Qb5 28. Bd3 Qh5+ 29. Kg3 Nd5 30. Qd4 Qg5+ 31. Kf2 c5 32. Qe4 Qd2+ 33. Kg3
Nxc3 34. Qa8+ Ke7 35. Qb7+ Kf6 36. Qa6 Qe1+ 37. Kh3 Qe6+ 0-1

[Event "11th Asrian Memorial 2018"]
[Site "Yerevan ARM"]
[Date "2018.06.24"]
[Round "4.3"]
[White "Gabuzyan, Hovhannes"]
[Black "Andriasian, Zaven"]
[Result "0-1"]
[WhiteTitle "GM"]
[BlackTitle "GM"]
[WhiteElo "2539"]
[BlackElo "2586"]
[WhiteFideId "13303732"]
[BlackFideId "13302000"]
[EventDate "2018.06.21"]

1. Nf3 d5 2. g3 Bg4 3. Bg2 Nd7 4. c4 e6 5. cxd5 exd5 6. Nc3 Ngf6 7. O-O c6 8. d3
Bd6 9. h3 Bxf3 10. Bxf3 d4 11. Ne4 Nxe4 12. dxe4 Qb6 13. Qc2 Bxg3 14. e3 Be5 15.
Be2 dxe3 16. Bxe3 Bd4 17. Bf4 O-O 18. Rad1 Rad8 19. Bc4 Ne5 20. Bb3 c5 21. Qe2
Qf6 22. Bg3 g5 23. Kg2 Ng6 24. Bd5 b6 25. Qg4 Be5 26. h4 h6 27. hxg5 hxg5 28.
Rd3 Bf4 29. Ra3 a5 30. Rg1 Kg7 31. Bxf4 Qxf4 32. Qxf4 Nxf4+ 33. Kf3 Kg6 34. Rb3
Rd6 35. Bc4 Re8 36. a4 f6 37. Re3 Rd2 38. b3 Rh8 39. e5 Rh3+ 40. Rg3 Rh2 41.
exf6 Rhxf2+ 42. Kg4 Rd4 43. Rgf3 Nh5+ 0-1

[Event "11th Asrian Memorial 2018"]
[Site "Yerevan ARM"]
[Date "2018.06.24"]
[Round "4.4"]
[White "Mikaelyan, Arman"]
[Black "Martirosyan, Haik M."]
[Result "1/2-1/2"]
[WhiteTitle "GM"]
[BlackTitle "GM"]
[WhiteElo "2500"]
[BlackElo "2572"]
[WhiteFideId "13304852"]
[BlackFideId "13306553"]
[EventDate "2018.06.21"]

1. d4 Nf6 2. c4 e6 3. Nf3 d5 4. Nc3 Be7 5. Bf4 O-O 6. e3 b6 7. Rc1 Bb7 8. a3 c5
9. dxc5 bxc5 10. cxd5 Nxd5 11. Nxd5 exd5 12. Bd3 Nd7 13. O-O Nf6 14. Nh4 g6 15.
Bh6 Re8 16. Bb5 Nd7 17. Nf3 a6 18. Ba4 Rc8 19. b4 c4 20. e4 Bf8 21. Bxf8 Rxf8
22. Bxd7 Qxd7 23. e5 c3 24. Nd4 Rc4 25. Qd3 Rfc8 26. f4 Qe7 27. Rc2 a5 28. b5 a4
29. Kh1 Qxa3 30. f5 Qb4 31. fxg6 fxg6 32. Nc6 Bxc6 33. bxc6 Qc5 34. Rcf2 c2 35.
Qf3 Rc7 36. Rc1 Rb4 37. Qf6 Qe7 38. Qxe7 Rxe7 39. Rfxc2 Rc7 40. Rc5 a3 41. Ra5
Rxc6 42. Ra1 Rb3 43. h3 d4 44. R1xa3 Rxa3 45. Rxa3 Kf7 46. Ra4 Rc1+ 47. Kh2 Rd1
48. Ra6 d3 49. Rd6 g5 50. Kg3 h5 51. Kf2 d2 52. Rf6+ Ke7 53. Rd6 h4 54. Rd3 Ke6
55. Rd8 Kxe5 56. Rd7 g4 57. hxg4 Kf4 58. Rd4+ Kg5 59. Rd5+ Kxg4 60. Rd4+ 1/2-1/2

[Event "11th Asrian Memorial 2018"]
[Site "Yerevan ARM"]
[Date "2018.06.24"]
[Round "4.5"]
[White "Stupak, Kirill"]
[Black "Davtyan, Artur"]
[Result "1-0"]
[WhiteTitle "GM"]
[BlackTitle "FM"]
[WhiteElo "2564"]
[BlackElo "2349"]
[WhiteFideId "13503758"]
[BlackFideId "13308327"]
[EventDate "2018.06.21"]

1. d4 d5 2. Nf3 Nf6 3. g3 e6 4. Bg2 b5 5. O-O Be7 6. b3 O-O 7. c4 bxc4 8. bxc4
c6 9. Nc3 Ba6 10. c5 Nbd7 11. Qc2 Nh5 12. g4 Nhf6 13. h3 Qc7 14. Qa4 Bc4 15. g5
Nh5 16. Nd2 e5 17. Nxc4 exd4 18. Bxd5 Ne5 19. Nxe5 cxd5 20. Nxd5 Qxe5 21. Nxe7+
Qxe7 22. Qxd4 Qxe2 23. Qg4 Qe5 24. Be3 g6 25. Rac1 Rad8 26. c6 Qc7 27. Qa4 Rd5
28. Rfd1 Rxd1+ 29. Rxd1 Rc8 30. Rd7 Qb8 31. Qd1 Nf4 32. c7 Nxh3+ 33. Kh2 1-0

[Event "11th Asrian Memorial 2018"]
[Site "Yerevan ARM"]
[Date "2018.06.24"]
[Round "4.6"]
[White "Petrosyan, Manuel"]
[Black "Danielyan, Vahe"]
[Result "1-0"]
[WhiteTitle "GM"]
[BlackTitle "FM"]
[WhiteElo "2551"]
[BlackElo "2387"]
[WhiteFideId "13300857"]
[BlackFideId "13304828"]
[EventDate "2018.06.21"]

1. d4 Nf6 2. Nf3 g6 3. c4 Bg7 4. Nc3 d5 5. cxd5 Nxd5 6. e4 Nxc3 7. bxc3 c5 8.
Be3 O-O 9. Qd2 Nd7 10. Rd1 Nf6 11. Bd3 c4 12. Bc2 b5 13. O-O Bb7 14. d5 e6 15.
dxe6 fxe6 16. Qe2 Qa5 17. Bc5 Rfe8 18. Bb4 Qc7 19. a4 bxa4 20. Nd4 a6 21. Bxa4
e5 22. Nc6 Qf7 23. Na5 Rec8 24. f3 Bf8 25. Bxf8 Kxf8 26. f4 Bxe4 27. fxe5 Bd3
28. Rxd3 cxd3 29. Qxd3 Qc7 30. Nc6 Qb6+ 31. Qd4 1-0

[Event "11th Asrian Memorial 2018"]
[Site "Yerevan ARM"]
[Date "2018.06.24"]
[Round "4.7"]
[White "Melkumyan, Hrant"]
[Black "Gharibyan, Mamikon"]
[Result "1-0"]
[WhiteTitle "GM"]
[BlackTitle "FM"]
[WhiteElo "2662"]
[BlackElo "2275"]
[WhiteFideId "13302485"]
[BlackFideId "13308300"]
[EventDate "2018.06.21"]

1. c4 e6 2. Nc3 d5 3. d4 Bb4 4. a3 Bxc3+ 5. bxc3 Nf6 6. e3 O-O 7. cxd5 exd5 8.
Bd3 c5 9. Ne2 b6 10. O-O Ba6 11. dxc5 bxc5 12. Bxa6 Nxa6 13. c4 dxc4 14. Qa4 Nc7
15. Qxc4 Ne6 16. Bb2 Qd5 17. Qc2 Qe4 18. Rfc1 Qxc2 19. Rxc2 Nd5 20. e4 Ne7 21.
f3 Rfd8 22. Kf2 f6 23. Bc1 f5 24. Ng3 Nd4 25. Rb2 Nec6 26. Bf4 Ne6 27. Bd2 Ne5
28. Rba2 Nd3+ 29. Kf1 fxe4 30. Nxe4 Nd4 31. Be3 c4 32. Bxd4 Rxd4 33. Rb1 Rad8
34. Rc2 R8d7 35. Rb8+ Kf7 36. Rc8 Ne5 37. Ke2 Ke7 38. Rc5 R4d5 39. Rxd5 Rxd5 40.
Nd2 Ra5 41. f4 Ng6 42. Rxc4 Rxa3 43. f5 Nf8 44. Rc7+ Nd7 45. Rb7 Ra2 46. g4 Kd6
47. Ke3 g6 48. Ne4+ Kc6 49. Rb1 gxf5 50. Rc1+ Kb6 51. gxf5 Rxh2 52. Kd4 Rh4 53.
Kd5 Rf4 54. Nd6 a6 55. Rc6+ Ka5 56. Rc7 Nb6+ 57. Ke6 h5 58. Rc1 h4 59. Ra1+ Kb4
60. Rb1+ Kc5 61. f6 h3 62. Rc1+ Kb4 63. f7 a5 64. Rc6 Na4 65. Nf5 Nc5+ 66. Rxc5 1-0

[Event "11th Asrian Memorial 2018"]
[Site "Yerevan ARM"]
[Date "2018.06.24"]
[Round "4.8"]
[White "Hovhannisyan, Robert"]
[Black "Danielian, Elina"]
[Result "1/2-1/2"]
[WhiteTitle "GM"]
[BlackTitle "GM"]
[WhiteElo "2625"]
[BlackElo "2412"]
[WhiteFideId "13302507"]
[BlackFideId "13300210"]
[EventDate "2018.06.21"]

1. e4 e6 2. d4 d5 3. Nc3 Bb4 4. e5 c5 5. a3 Ba5 6. b4 cxd4 7. Qg4 Kf8 8. Nb5 Bb6
9. Nf3 Nc6 10. Bb2 Nge7 11. Nbxd4 h5 12. Qf4 Ng6 13. Nxc6 bxc6 14. Qd2 a5 15.
Bd3 Nh4 16. Nxh4 Qxh4 17. O-O g6 18. bxa5 Bxa5 19. Bc3 Qd8 20. Rfb1 Kg7 21. Bxa5
Rxa5 22. a4 Ba6 23. Bxa6 Rxa6 24. Rb7 Qh4 25. a5 Rha8 26. h3 Qe4 27. f4 c5 28.
f5 exf5 29. Re1 Qd4+ 30. Qxd4 cxd4 31. e6 Rxa5 32. Rxf7+ Kg8 33. Rd7 Ra1 34.
Rxa1 Rxa1+ 35. Kf2 Kf8 36. Kf3 Re1 37. Rxd5 Ke7 38. Rxd4 Kxe6 39. h4 Ke5 40. Rc4
Rf1+ 41. Ke2 Rg1 42. Kf2 Rc1 43. g3 f4 44. gxf4+ Kd5 45. Rc8 Ke4 46. Rc6 Kxf4
47. Ke2 Rh1 48. Rf6+ Ke5 1/2-1/2

[Event "11th Asrian Memorial 2018"]
[Site "Yerevan ARM"]
[Date "2018.06.24"]
[Round "4.9"]
[White "Rahul, Srivatshav P"]
[Black "Pashikian, Arman"]
[Result "1/2-1/2"]
[WhiteTitle "IM"]
[BlackTitle "GM"]
[WhiteElo "2397"]
[BlackElo "2608"]
[WhiteFideId "25059653"]
[BlackFideId "13301578"]
[EventDate "2018.06.21"]

1. d4 Nf6 2. c4 e6 3. g3 d5 4. Nf3 Bb4+ 5. Bd2 Bd6 6. Nc3 O-O 7. Bg5 c6 8. Bg2
h6 9. Bxf6 Qxf6 10. O-O dxc4 11. Ne4 Qe7 12. Nxd6 Qxd6 13. Ne5 Rd8 1/2-1/2

[Event "11th Asrian Memorial 2018"]
[Site "Yerevan ARM"]
[Date "2018.06.24"]
[Round "4.11"]
[White "Petrosyan, Tigran S."]
[Black "Zhigalko, Andrey"]
[Result "1/2-1/2"]
[WhiteTitle "IM"]
[BlackTitle "GM"]
[WhiteElo "2460"]
[BlackElo "2562"]
[WhiteFideId "13303678"]
[BlackFideId "13502247"]
[EventDate "2018.06.21"]

1. Nf3 d5 2. d4 Nf6 3. c4 e6 4. Nc3 dxc4 5. e3 a6 6. a4 b6 7. Bxc4 Bb7 8. O-O
Bb4 9. Qe2 O-O 10. Rd1 Nbd7 11. Bd3 Qe8 12. e4 e5 13. d5 c6 14. dxc6 Bxc6 15.
Bg5 h6 16. Bxf6 Nxf6 17. Na2 Bd6 18. Nc3 Bb4 19. Na2 Bc5 20. Nc3 Bb4 1/2-1/2

[Event "11th Asrian Memorial 2018"]
[Site "Yerevan ARM"]
[Date "2018.06.24"]
[Round "4.13"]
[White "Sargsyan, Shant"]
[Black "Der Manuelian, Haik"]
[Result "1/2-1/2"]
[WhiteTitle "IM"]
[WhiteElo "2499"]
[BlackElo "2242"]
[WhiteFideId "13306766"]
[BlackFideId "2084015"]
[EventDate "2018.06.21"]

1. c4 e6 2. g3 d5 3. Bg2 Nf6 4. Nf3 dxc4 5. Qa4+ Nbd7 6. Qxc4 c5 7. O-O a6 8.
Qc2 Be7 9. d4 O-O 10. Rd1 Qb6 11. Nc3 cxd4 12. Nxd4 Nc5 13. Rb1 a5 14. Be3 Bd7
15. Nb3 Bc6 16. Nxc5 Bxc5 17. Nd5 Bxd5 18. Qxc5 Qxc5 19. Bxc5 Rfc8 20. Rbc1 Rc6
21. Bxd5 Nxd5 22. e4 Nf6 23. f3 Rac8 24. Rc3 h5 25. Bd4 a4 26. Kf2 Rxc3 27. bxc3
Nd7 28. Ke2 e5 29. Be3 Nf6 30. Rd3 Kf8 31. Kd2 Ke7 32. Kc2 Ke6 33. Bc1 Nd7 34.
Ba3 Rc6 35. Rd1 b6 36. Bb4 g6 37. Kb2 f5 38. Ka3 Nc5 39. Bxc5 Rxc5 40. Kb4 Rc8
41. c4 Rf8 42. Kxa4 fxe4 43. fxe4 Rf2 44. Kb5 Rxh2 45. Kxb6 Rb2+ 46. Kc6 Rxa2
47. Rd6+ Ke7 48. c5 Ra3 49. Rd7+ Ke6 50. Rd6+ Ke7 51. Rd7+ Ke6 1/2-1/2

[Event "11th Asrian Memorial 2018"]
[Site "Yerevan ARM"]
[Date "2018.06.24"]
[Round "4.14"]
[White "Yeremyan, Alen"]
[Black "Abdumalik, Zhansaya"]
[Result "1/2-1/2"]
[BlackTitle "IM"]
[WhiteElo "2033"]
[BlackElo "2488"]
[WhiteFideId "13308998"]
[BlackFideId "13703544"]
[EventDate "2018.06.21"]

1. e4 c5 2. Nf3 e6 3. Nc3 a6 4. d4 cxd4 5. Nxd4 b5 6. a3 Bb7 7. Be3 Qc7 8. Bd3
Nf6 9. h3 Bc5 10. O-O Qb6 11. Be2 Nc6 12. Nxc6 Bxe3 13. Na5 Qxa5 14. fxe3 Qb6
15. Qd3 d6 16. Rad1 O-O 17. Bf3 Rfd8 18. Qd4 Qc5 19. e5 Bxf3 20. Qxc5 dxc5 21.
Rxd8+ Rxd8 22. gxf3 Ne8 23. Rd1 Rxd1+ 24. Nxd1 f6 25. exf6 gxf6 26. Nf2 Kf7 27.
Ne4 c4 28. Kf2 Ke7 29. f4 Nc7 30. Kf3 f5 31. Nc3 Kd6 32. e4 Kc5 33. Ke3 a5 34.
Ne2 b4 35. axb4+ Kxb4 36. Nc3 Kc5 37. Na4+ Kd6 38. Nc3 Kc5 39. Na4+ Kb4 40. Nc3
Kc5 1/2-1/2

[Event "11th Asrian Memorial 2018"]
[Site "Yerevan ARM"]
[Date "2018.06.24"]
[Round "4.15"]
[White "Nalbandyan, Vahan"]
[Black "Tutisani, Noe"]
[Result "1-0"]
[BlackTitle "FM"]
[WhiteElo "1789"]
[BlackElo "2469"]
[WhiteFideId "13309439"]
[BlackFideId "13602853"]
[EventDate "2018.06.21"]

1. c4 e5 2. Nc3 Nc6 3. g3 g6 4. Bg2 Bg7 5. d3 d6 6. Nf3 Nf6 7. O-O O-O 8. h3 h6
9. Be3 Be6 10. Qc1 Kh7 11. Nd2 Qd7 12. Kh2 Nh5 13. Nd5 f5 14. Nf3 Rae8 15. Bd2
e4 16. Ng1 exd3 17. exd3 Ne5 18. Qc2 c6 19. Nf4 Nxf4 20. gxf4 Nf7 21. Nf3 d5 22.
Rae1 Qc7 23. cxd5 Bxd5 24. Kh1 Qd6 25. Re3 Re6 26. Rxe6 Bxe6 27. Be3 Rd8 28. d4
Bd5 29. Ne5 Bxg2+ 30. Kxg2 Qd5+ 31. Kh2 Nd6 32. Rg1 Bxe5 33. dxe5 Nb5 34. Qc5
Qxc5 35. Bxc5 b6 36. Be3 Nd4 37. Kg2 Ne6 38. Kf3 c5 39. h4 h5 40. Rc1 Kg7 41. a4
Rd3 42. a5 b5 43. a6 Kf7 44. Kg2 c4 45. Bxa7 Nxf4+ 46. Kf1 Rh3 47. f3 Rxf3+ 48.
Bf2 Nd5 49. Rd1 Rd3 50. Rxd3 cxd3 51. a7 Nc7 52. Bg3 Ke6 53. Ke1 Na8 54. Kd2 Kd5
55. Kxd3 Nb6 56. Kc3 Kc6 57. Kd4 b4 58. e6 b3 59. Ke5 1-0

[Event "11th Asrian Memorial 2018"]
[Site "Yerevan ARM"]
[Date "2018.06.24"]
[Round "4.17"]
[White "Harutyunian, Tigran K."]
[Black "Sargsyan, Anna M."]
[Result "0-1"]
[WhiteTitle "IM"]
[BlackTitle "WFM"]
[WhiteElo "2499"]
[BlackElo "2323"]
[WhiteFideId "13303635"]
[BlackFideId "13308130"]
[EventDate "2018.06.21"]

1. c4 c6 2. Nf3 d5 3. g3 Nf6 4. Bg2 Bf5 5. cxd5 cxd5 6. O-O Nc6 7. d3 e6 8. Be3
Be7 9. Qb3 Qd7 10. Nd4 Nxd4 11. Bxd4 O-O 12. Nc3 Rfd8 13. Rfd1 b6 14. e4 Bg4 15.
f3 Bh5 16. g4 Bg6 17. h3 h5 18. Ne2 Qc7 19. Rac1 Bc5 20. Kh1 Qe7 21. Bxc5 bxc5
22. Qa3 Rac8 23. g5 Ne8 24. h4 f6 25. f4 Nd6 26. Ng3 fxg5 27. fxg5 Nb5 28. Qa6
Nd4 29. exd5 Qc7 30. d6 Rxd6 31. Qb7 Qxb7 32. Bxb7 Rb8 33. Be4 Bxe4+ 34. Nxe4
Ra6 35. Rxc5 Rxa2 36. Rb1 Kh7 37. Rc4 e5 38. g6+ Kxg6 39. Rg1+ Kh6 40. b4 Rf8
41. Rg2 Rf1+ 42. Kh2 Raa1 43. Nf2 Nf3+ 44. Kh3 Ne1 45. Rc6+ Kh7 46. Rg3 Rxf2 47.
Rc7 Kg8 48. Rcxg7+ Kf8 49. R7g5 Rd1 50. Rxh5 Nxd3 51. Rh8+ Ke7 52. h5 e4 53. Ra8
Rh1+ 54. Kg4 Kf6 55. Rxd3 exd3 56. Rf8+ Ke5 57. Rxf2 Ke4 58. Ra2 Rg1+ 59. Kh4
Kf4 60. Rh2 d2 0-1

[Event "11th Asrian Memorial 2018"]
[Site "Yerevan ARM"]
[Date "2018.06.24"]
[Round "4.18"]
[White "Papin, Vasily"]
[Black "Movsisyan, Vardan"]
[Result "1-0"]
[WhiteTitle "GM"]
[WhiteElo "2490"]
[BlackElo "2146"]
[WhiteFideId "4143183"]
[BlackFideId "13301799"]
[EventDate "2018.06.21"]

1. Nf3 Nf6 2. c4 e6 3. Nc3 Bb4 4. Qc2 O-O 5. a3 Bxc3 6. Qxc3 d6 7. d4 Ne4 8. Qc2
f5 9. g3 Nd7 10. Bg2 a5 11. b3 Rb8 12. O-O b6 13. d5 e5 14. Nh4 Nec5 15. b4 Na6
16. b5 Nac5 17. Nxf5 a4 18. Be3 Nb3 19. Rad1 Nf6 20. Nh4 Qe8 21. f3 Qh5 22. Bf2
Rf7 23. e4 g5 24. Nf5 Bxf5 25. exf5 g4 26. Be3 Rbf8 27. Rf2 Ne8 28. fxg4 Qxg4
29. Rdf1 Rf6 30. Qe4 h5 31. Qxg4+ hxg4 32. h3 Na5 33. hxg4 Nxc4 34. Bc1 R6f7 35.
g5 Ng7 36. Bh3 e4 37. f6 e3 38. Rc2 Ne5 39. Bxe3 Nh5 40. Kg2 Kh8 41. g4 1-0

[Event "11th Asrian Memorial 2018"]
[Site "Yerevan ARM"]
[Date "2018.06.24"]
[Round "4.19"]
[White "Pogonina, Natalija"]
[Black "Shmavonyan, Areg"]
[Result "1/2-1/2"]
[WhiteTitle "WGM"]
[WhiteElo "2469"]
[BlackElo "2103"]
[WhiteFideId "4147855"]
[BlackFideId "13309420"]
[EventDate "2018.06.21"]

1. d4 d5 2. c4 c6 3. Nf3 Nf6 4. e3 Bg4 5. h3 Bxf3 6. Qxf3 e6 7. Nc3 Nbd7 8. Bd3
Bb4 9. cxd5 cxd5 10. Bd2 Rc8 11. O-O O-O 12. Rfd1 Nb6 13. Qe2 Re8 14. Rac1 a6
15. Be1 Qe7 16. a3 Bd6 17. f4 Qd7 18. Rc2 Rc7 19. Bh4 Be7 20. Rdc1 Rec8 21. Nd1
Rxc2 22. Rxc2 g6 23. Nf2 Rxc2 24. Qxc2 Qc8 25. Qxc8+ Nxc8 26. Kf1 h5 27. Bg5 Kg7
28. a4 Na7 29. Ke2 Nc6 30. g4 hxg4 31. hxg4 Kf8 32. Bb1 Nd7 33. Bxe7+ Kxe7 34.
g5 a5 35. Bd3 Nb6 36. b3 Nc8 37. Ng4 Nd6 38. Ne5 Nxe5 39. dxe5 Nc8 40. Kd2 Na7
41. e4 dxe4 42. Bxe4 b6 43. Kd3 Kd7 44. Kc4 Kd8 45. Bf3 1/2-1/2

[Event "11th Asrian Memorial 2018"]
[Site "Yerevan ARM"]
[Date "2018.06.24"]
[Round "4.20"]
[White "Hakobyan, Hovhannes H."]
[Black "Mkrtchian, Lilit"]
[Result "1/2-1/2"]
[WhiteTitle "FM"]
[BlackTitle "IM"]
[WhiteElo "2266"]
[BlackElo "2392"]
[WhiteFideId "13306308"]
[BlackFideId "13300601"]
[EventDate "2018.06.21"]

1. e4 c6 2. d4 d5 3. exd5 cxd5 4. c4 Nf6 5. Nc3 Nc6 6. Nf3 Be6 7. Qb3 dxc4 8.
Qxb7 Na5 9. Qb5+ Bd7 10. Qa6 Bc8 11. Qb5+ Bd7 12. Qa6 1/2-1/2

[Event "11th Asrian Memorial 2018"]
[Site "Yerevan ARM"]
[Date "2018.06.24"]
[Round "4.23"]
[White "Muradyan, Robert"]
[Black "Shanya, Mishra"]
[Result "1-0"]
[WhiteElo "2225"]
[BlackElo "1980"]
[WhiteFideId "13309374"]
[BlackFideId "46656065"]
[EventDate "2018.06.21"]

1. Nf3 d5 2. g3 Nf6 3. Bg2 e6 4. O-O g6 5. d4 Bg7 6. c4 O-O 7. Nc3 Nbd7 8. Qd3
c6 9. e4 dxe4 10. Nxe4 Nxe4 11. Qxe4 c5 12. Be3 Qc7 13. Rac1 cxd4 14. Nxd4 a6
15. b4 Nf6 16. Qd3 e5 17. Ne2 Bf5 18. Qb3 Be6 19. Bc5 Rfd8 20. Nc3 b6 21. Bxa8
Rxa8 22. Be3 Bxc4 23. Nd5 Bxd5 24. Rxc7 Bxb3 25. axb3 Nd5 26. Rd7 Nxe3 27. fxe3
f5 28. Rfd1 Bf8 29. Rd8 Rxd8 30. Rxd8 Kf7 31. Rb8 b5 32. Rb7+ Ke6 33. Rxh7 Bxb4
34. Rg7 Kf6 35. Ra7 a5 36. Kf1 Bc3 37. Rb7 a4 38. bxa4 bxa4 39. Ra7 f4 40. Ke2
fxe3 41. Ra6+ Kf5 42. Kxe3 Bd4+ 43. Kf3 e4+ 44. Ke2 Kg4 45. Rxa4 Bg1 46. Rxe4+
Kh3 47. Kf3 g5 48. Re5 g4+ 49. Kf4 Kxh2 50. Kxg4 Bf2 51. Re2 1-0

[Event "11th Asrian Memorial 2018"]
[Site "Yerevan ARM"]
[Date "2018.06.24"]
[Round "4.24"]
[White "Khachatryan, Anna"]
[Black "Barseghyan, Armen Ar."]
[Result "1-0"]
[WhiteElo "1955"]
[BlackElo "2219"]
[WhiteFideId "13310780"]
[BlackFideId "13306707"]
[EventDate "2018.06.21"]

1. d4 Nf6 2. c4 c5 3. d5 e6 4. Nc3 exd5 5. cxd5 d6 6. Nf3 g6 7. Bf4 Bg7 8. Qa4+
Bd7 9. Qb3 Qc7 10. e3 O-O 11. Be2 Nh5 12. Bg5 h6 13. Bh4 g5 14. Nd2 Nf6 15. Bg3
Ne8 16. h4 g4 17. f3 f5 18. fxg4 fxg4 19. Rf1 Rxf1+ 20. Kxf1 Na6 21. Kg1 Rb8 22.
Rf1 b5 23. Qc2 Qd8 24. Qg6 Qe7 25. Bd3 Nf6 26. Nde4 Nh7 27. Bxd6 Qe8 28. Rf8+
Qxf8 29. Bxf8 Nxf8 30. Nf6+ Kh8 31. Qf7 1-0

[Event "11th Asrian Memorial 2018"]
[Site "Yerevan ARM"]
[Date "2018.06.24"]
[Round "4.33"]
[White "Davtyan, Arsen"]
[Black "Pipia, Ekaterine"]
[Result "0-1"]
[WhiteElo "1881"]
[BlackElo "1772"]
[WhiteFideId "13309315"]
[BlackFideId "13614576"]
[EventDate "2018.06.21"]

1. d4 Nf6 2. c4 e6 3. Nc3 d5 4. cxd5 exd5 5. Bg5 Be7 6. e3 c6 7. Bd3 O-O 8. Qc2
h6 9. Bh4 Re8 10. Nge2 Ne4 11. Bxe7 Qxe7 12. Nxe4 dxe4 13. Bc4 Be6 14. Bxe6 Qxe6
15. O-O Nd7 16. Nf4 Qd6 17. Qb3 Nb6 18. Rac1 g5 19. Ne2 Qe6 20. Qb4 Qxa2 21. f4
exf3 22. Rxf3 Qe6 23. Rc5 Nd5 24. Qxb7 Rab8 25. Qa6 Rb6 26. Qxa7 Rxb2 27. Nc1 g4
28. Rg3 Qf5 29. h3 Qf2+ 30. Kh2 Nxe3 0-1

[Event "11th Asrian Memorial 2018"]
[Site "Yerevan ARM"]
[Date "2018.06.25"]
[Round "5.1"]
[White "Sethuraman, S.P."]
[Black "Stupak, Kirill"]
[Result "1/2-1/2"]
[WhiteTitle "GM"]
[BlackTitle "GM"]
[WhiteElo "2657"]
[BlackElo "2564"]
[WhiteFideId "5021596"]
[BlackFideId "13503758"]
[EventDate "2018.06.21"]

1. e4 e6 2. d4 d5 3. Nd2 c5 4. exd5 exd5 5. Ngf3 Nc6 6. Bb5 Bd6 7. O-O Ne7 8.
dxc5 Bxc5 9. Nb3 Bb6 10. Re1 O-O 11. Be3 Bxe3 12. Rxe3 Bg4 13. h3 Bh5 14. Qd2
Bxf3 15. Rxf3 Qb6 16. Bf1 Rad8 17. Re1 Ng6 18. Rf5 Nge7 19. Rg5 Rd7 20. Bd3 Rfd8
21. Rg3 Ng6 22. Rge3 Nf8 23. a3 Rd6 24. h4 Re6 25. Rxe6 Nxe6 26. h5 h6 27. Qe2
Ne7 28. Qg4 Kf8 29. Re3 Ng8 30. Bf5 Nf6 31. Qf3 Nd4 32. Qf4 Nxf5 33. Qxf5 Re8
34. Rxe8+ Kxe8 35. Qc8+ Ke7 36. Nc5 Qc6 37. Qxb7+ Qxb7 38. Nxb7 Nxh5 39. f3 Nf4
40. Kf2 1/2-1/2